02333nam a2200253Ia 450000500170000000800410001704000440005804100130010208200120011510000320012724201420015924501310030124600390043226001990047130000310067049000450070150005660074650505120131250600210182454600560184565000560190165000260195785600960198320171020151444.0130821s1763 sp fr 0 mulsd aCo-BoUCMbspacSandra YazodSandra Yazo0 alatagre04a1082201 aPou, Bartoloméd1727-180200aDoce libros con lecciones de historia de la filosofía del P. Bartolomé Pou, defendidos por su discípulo Manuel Joaquín Ortizyspa10aBartholomaei Povii ... Institutionum Historiae Philosophicae Lib. XII quos defendebat Emmanuel Ioachimus Ortiz eius discipulus28aTo XII Institut historiae Philosop aBilbili [Calatayud] (España)bTypis Ioachimi Estevanii Reg. Bilbilit Semin. Soc. Ies. Tipographi [En la imprenta de Joaquín Esteban tipógrafo del Real Seminario Jesuita de Calatayud]c1763 a241 páginasc23 x 18 cm. aTheses Bilbilitanae [Tesis de Calatayud] aDetalles físicos: Encuadernación flexible en pergamino. Falta la tapa posterior. Guardas con una anotación manuscrita en la delantera. Anteportada con anotación manuscrita. Portada impresa en una sola tinta. Fe de erratas, mal ubicada indica pág. 241. Texto impreso en una sola columna con varios tipos y tamaños de letra. Notas de pie de página en dos columnas, separadas por una línea vertical. Apostillas marginales. Cenefa. Mayúsculas capitales. Márgenes amplios. Cenefas. Signaturas y reclamos. ejemplar en buen estado de conservación2 aLibro 1 - 12: La filosofía en general ; La filosofía sagrada: Los hebreos ; La filosofía bárbara: Persia, India, Egipto, Etiopia ; Filosofía griega: Jónica, Socrática, Platónica, la Academia media, Aristóteles, Estoicos y Fisiología de los Eleáticos ; Filosofía Romana: Los seguidores de Pitágoras ; Filosofía del Sincretismo ; Filosofía hebrea en Palestina ; Filosofía de Jámblico ; Filosofía cristiana ; Filosofía de la edad media ; Filosofía de la escolástica  aConsulta en sala aTexto en latín con anotaciones en griego y hebreo 7aFilosofiavLibros de textoxObras anteriores a 1800 7aFilosofíaxHistoria41uhttps://babel.hathitrust.org/cgi/pt?id=ucm.5325864323;view=1up;seq=7zDisponible en línea